Estatísticas para Maiores Países por População

Clique aqui para jogar o quiz

Estatísticas Gerais

  • Esse quiz foi jogado 8,295 vezes
  • A pontuação média é 17 de 24

Estatísticas das Respostas

População País % Correct
1.447 miChina
100%
331 miEstados Unidos
99%
213 miBrasil
99%
1.380 miÍndia
98%
146 miRússia
96%
83.8 miAlemanha
90%
129 miMéxico
90%
127 miJapão
90%
68.1 miFrança
89%
67.9 miReino Unido
79%
274 miIndonésia
79%
60.5 miItália
77%
102 miEgito
72%
221 miPaquistão
66%
84 miIrão
66%
206 miNigéria
65%
84.4 miTurquia
60%
69.8 miTailândia
58%
165 miBangladesh
56%
89.6 miRep. Dem. do Congo
56%
110 miFilipinas
49%
97.4 miVietname
45%
115 miEtiópia
38%
59.7 miTanzânia
22%

Distribuição das Pontuações

Percentil de Números Respondidos

Porcentagem de Pessoas com Cada Pontuação

Sua Pontuação Histórica

Você não jogou esse quiz